000
00343nam a2200133Ia 4500
008
100328s9999 xx 000 0 und d
082
_b
39275
100
_a
नेने माु-संपा.
245
_a
66 कविता
260
_b
कौशिक
630
_a
66 कविता
730
_a
66 कविता
942
_c
BOOK
999
_c
528255
_d
528252